000 00902nam a2200253Ia 4500
003 GCL
005 20240530110920.0
008 140319s9999 xx 000 0 ara d
040 _aGCL /
_cGCL
082 0 4 _a415.1
_bز ج
100 0 _aزين كامل الخويسكى
245 1 0 _aالجملة الفعلية منفية واستفهامية و مؤكدة :
_bدراسة تطبيقية على شعر المتنبى /
_cزين كامل الخويسكى
260 _aالاسكندرية :
_bمؤسسة شباب الجامعة ،
300 _a305 ص.
650 0 4 _aالشعر العربى
650 0 4 _aالنحو
650 0 4 _aاللغة العربية
650 0 4 _aالمتنبى, ابو الطيب
650 0 4 _aالجملة الفعلية
650 0 4 _aالاستفهام
650 0 4 _aالمجموعات
700 0 _aمحمد مصطفى هدارة
_eمقدم
942 _2ddc
_cBK
999 _c66472
_d66472